[Event "Vlissingen HZ op 22nd"]
[Site "Vlissingen"]
[Date "2018.08.05"]
[Round "2"]
[White "Grochal, Joey"]
[Black "Wouters, Casper"]
[Result "1-0"]
[WhiteElo "2300"]
[BlackElo "1954"]
[PlyCount "72"]
[EventDate "2018.08.04"]
[EventType "swiss"]
[EventRounds "9"]
[EventCountry "NED"]
[SourceTitle "CBM 185 Extra"]
[Source "ChessBase"]
[SourceDate "2018.07.29"]
[SourceVersion "1"]
[SourceVersionDate "2018.07.29"]
[SourceQuality "1"]

1. d4 Nf6 2. c4 g6 3. Nc3 Bg7 4. e4 d6 5. Nf3 0-0 6. Be2 e5 7. d5 Nfd7 8. Bg5 f6 9. Bh4 a5 10. a3 Na6 11. Nd2 Nb6 12. Rb1 c5 13. Bg4 Rb8 14. 0-0 h5 15. Bxc8 Nxc8 16. f3 Bh6 17. Nb3 b6 18. Nc1 Rb7 19. Nd3 Qe8 20. Bg3 f5 21. Qe2 f4 22. Bf2 g5 23. b4 Rg7 24. bxa5 bxa5 25. Rb5 Qd8 26. Be1 Na7 27. Rb1 g4 28. Nb5 Nc8 29. Qd2 Qg5 30. Rb2 h4 31. Qxa5 gxf3 32. Rxf3 Qg4 33. Rbf2 Nb8 34. Nc7 h3 35. Ne6 hxg2 36. Nxf8 Kxf8 1-0

[Event "Vlissingen HZ op 21st"]
[Site "Vlissingen"]
[Date "2017.08.12"]
[Round "9"]
[White "Elgersma, Simon"]
[Black "Wouters, Casper"]
[Result "1-0"]
[WhiteElo "2082"]
[BlackElo "1886"]
[PlyCount "53"]
[EventDate "2017.08.05"]
[EventType "swiss"]
[EventRounds "9"]
[EventCountry "NED"]
[SourceTitle "CBM 179 Extra"]
[Source "ChessBase"]
[SourceDate "2017.08.23"]
[SourceVersion "1"]
[SourceVersionDate "2017.08.23"]
[SourceQuality "1"]

1. e4 d6 2. d4 Nf6 3. Nc3 g6 4. Bg5 Bg7 5. Qd2 c6 6. 0-0-0 0-0 7. f3 Qc7 8. h4 h5 9. Bh6 e5 10. Bxg7 Kxg7 11. Nh3 b5 12. Kb1 Qa5 13. Ng5 Na6 14. g4 b4 15. Ne2 c5 16. Ng3 Rh8 17. gxh5 cxd4 18. Bc4 d5 19. Bxa6 Bxa6 20. hxg6 fxg6 21. h5 Rac8 22. hxg6 dxe4 23. Nf5+ Kxg6 24. Ne7+ Kg7 25. Nxc8 Rxc8 26. Nxe4 Nxe4 27. Rdg1+ 1-0

[Event "Vlissingen HZ op 21st"]
[Site "Vlissingen"]
[Date "2017.08.06"]
[Round "2"]
[White "Wouters, Casper"]
[Black "Amesz, Jaap"]
[Result "0-1"]
[WhiteElo "1886"]
[BlackElo "2201"]
[PlyCount "120"]
[EventDate "2017.08.05"]
[EventType "swiss"]
[EventRounds "9"]
[EventCountry "NED"]
[SourceTitle "CBM 179 Extra"]
[Source "ChessBase"]
[SourceDate "2017.08.23"]
[SourceVersion "1"]
[SourceVersionDate "2017.08.23"]
[SourceQuality "1"]

1. e4 d5 2. exd5 Qxd5 3. Nc3 Qa5 4. Nf3 Nf6 5. d4 c6 6. h3 Bf5 7. Bd2 Nbd7 8. Nh4 Bg6 9. Nxg6 hxg6 10. Bc4 e6 11. Nd5 Qd8 12. Nxf6+ gxf6 13. c3 Bd6 14. Qc2 f5 15. 0-0-0 Qh4 16. Rde1 0-0-0 17. g3 Qf6 18. Kb1 f4 19. h4 Rdg8 20. Rhg1 g5 21. hxg5 Qxg5 22. Qe4 Nf6 23. Qf3 Qh5 24. Qxh5 Nxh5 25. g4 Nf6 26. g5 Nd5 27. Bxd5 exd5 28. Rg4 f5 29. Rgg1 Rg6 30. Rg2 f3 31. Rgg1 Rh2 32. Re3 Rxf2 33. Be1 Rg2 34. Rf1 R6xg5 35. Rexf3 Re2 36. Bf2 f4 37. Bh4 Rgg2 38. R3f2 Rexf2 39. Bxf2 Kd7 40. Kc2 Ke6 41. Kd3 Kf5 42. Ke2 Kg4 43. b4 f3+ 44. Ke3 Bf4+ 45. Kd3 Bg3 46. Bxg3 Kxg3 47. a4 Ra2 48. Rg1+ Rg2 49. Rf1 Kf4 50. b5 Ra2 51. bxc6 bxc6 52. c4 Ra3+ 53. Kd2 dxc4 54. Rb1 Rb3 55. Rc1 Rd3+ 56. Ke1 Ke3 57. Rc2 Kxd4 58. Kf2 c3 59. Rc1 Kc4 60. a5 Kb3 0-1

[Event "NED-ch U18"]
[Site "Rotterdam"]
[Date "2016.04.29"]
[Round "1"]
[White "Wouters, Casper"]
[Black "Tikranian, Alik"]
[Result "0-1"]
[WhiteElo "1735"]
[BlackElo "2153"]
[PlyCount "78"]
[EventDate "2016.04.29"]
[EventType "swiss"]
[EventRounds "9"]
[EventCountry "NED"]
[SourceTitle "CBM 172 Extra"]
[Source "ChessBase"]
[SourceDate "2016.06.21"]
[SourceVersion "1"]
[SourceVersionDate "2016.06.21"]
[SourceQuality "1"]

1. e4 e5 2. Nf3 Nc6 3. d4 exd4 4. Nxd4 Nf6 5. Nxc6 bxc6 6. Bd3 d5 7. 0-0 dxe4 8. Re1 Be7 9. Bc4 Qxd1 10. Rxd1 Bd6 11. Re1 0-0 12. Bg5 Bf5 13. Nc3 Rfe8 14. Bxf6 gxf6 15. Re2 Re5 16. h3 Bg6 17. Nd1 f5 18. Ne3 f4 19. Ng4 Re7 20. Rae1 Kg7 21. Nh2 f5 22. Nf1 Kf6 23. Nd2 Rd8 24. Nb3 Be5 25. c3 f3 26. Rc2 fxg2 27. Be2 f4 28. Nd4 Rd6 29. Rcc1 f3 30. Bd1 Kg5 31. Nxf3+ exf3 32. Bxf3 Rd2 33. Bxc6 Rxb2 34. a4 Bd6 35. Rxe7 Bxe7 36. Re1 Bf6 37. Re3 Rc2 38. Rg3+ Kh6 39. Kxg2 Bxc3 0-1